000 00710nam a2200193 i 4500
001 134609
003 ES-MaACL
005 20230906194717.0
007 t|
008 070912s1949 sp ||||1| spa d
080 _a54(09)
100 1 _aWeeks, Mary Elvira.
_9116296
245 1 0 _aHistoria de los elementos químicos /
_cpor Mary Elvira Weeks... ; traducida por A. Sanromá Nicolau... ; prólogo del Dr. Emilio Jimeno. [Historia de los elementos artificiales por A. Sanromá Nicolau...].
260 _aBarcelona :
_bManuel Marín,
_c1949.
300 _a523 p. :
_bil. ;
_c25 cm.
700 1 _aSanromá Nicolau, A.
_9103200
700 1 _aJimeno Gil, Emilio.
_966649
852 _aES-MaACL
_jE-1537
_bR.28704
999 _c134609
_d134609